Statistics for Russian-Occupied Territories

Click here to take the quiz!

General Stats

  • This quiz has been taken 64 times
  • The average score is 4 of 6

Answer Stats

HintAnswer% Correct
Since 2014 (Peninsula)Crimea
92%
Invasion in 2022Ukraine
82%
Since 2008Georgia
69%
Since 2014Donetsk
59%
Since 2014Luhansk
57%
Since 1992Moldova
35%

Score Distribution

Percentile by Number Answered

Percent of People with Each Score

Your Score History

You have not taken this quiz